Ideas Matter: (Record no. 183901)

MARC details
000 -LEADER
fixed length control field 00554nam a22001817a 4500
005 - DATE AND TIME OF LATEST TRANSACTION
control field 20220106171910.0
010 ## - LCCN (DPL NO)
LC control number ENG-130999
020 ## - INTERNATIONAL STANDARD BOOK NUMBER
International Standard Book Number 978-93-90232-45-1
Terms of availability 1050.00
035 ## - SYSTEM CONTROL NUMBER
System control number EN-114531
037 ## - SOURCE OF ACQUISITION
Source of stock number/acquisition DBAD
082 ## - DEWEY DECIMAL CLASSIFICATION NUMBER
Classification number 333.31954
100 ## - MAIN ENTRY--PERSONAL NAME
Personal name Robb, Peter
245 ## - TITLE STATEMENT
Title Ideas Matter:
Statement of responsibility, etc Peter Robb
Remainder of title Debating the Impact of British Rule on India/
260 ## - PUBLICATION, DISTRIBUTION, ETC. (IMPRINT)
Place of publication, distribution, etc Delhi
Name of publisher, distributor, etc Primus Book
Date of publication, distribution, etc 2020
270 ## - ADDRESS
City Delhi
Postal code 110009
Address Mukherjee Nagar, Commercial Complex
300 ## - PHYSICAL DESCRIPTION
Extent xiii, 295p.
Dimensions 23cm(hbk)
942 ## - ADDED ENTRY ELEMENTS (KOHA)
Source of classification or shelving scheme Dewey Decimal Classification
Item type English Books
Classification part 333.31954
Call number suffix ROB
Holdings
Withdrawn status Lost status Not for loan Collection code Home library Current library Date acquired Source of acquisition Cost, normal purchase price Full call number Barcode Copy number Cost, replacement price Koha item type
    Not For Loan Non-fiction D.B.Act.Division Mobile Library 06/01/2022 DBAD/PUB 1050.00 333.31954 ROB EN-114531 1 1050.00 English Books

© Delhi Public Library
Hit Counter
free hit counter